000 00787cam a22002771i 4500
999 _c7037
_d7037
001 7037
003 UkOxU
005 20180417181830.0
008 071031s1929 mau ob 001 0 eng d
020 _a0395319129
035 _a(OCoLC)180158408
040 _aKWL
_cKWL
_dKWL
_dOCLCQ
_dOCLCF
_dYBM
_dOCLCQ
_dUCO
_dAU@
_dOCLCQ
_dZ5A
_dVGL
041 _aeng
050 4 _aKD660
_b.J4 1929
082 _a630
_bHAL 1985
100 _aHaley-James, Shirley
245 1 4 _aHoughton mifflin English /
_cShirley Haley-James and John Warren Stewig
260 _aUSA :
_c1977
300 _a384p. :
_c23 cm.
504 _aIncludes bibliographical references (pages 437-439) and index.
650 0 _aEnglish
651 7 _a.
700 _a Stewig, John Warren
942 _2ddc
_cBK